000 00329nam a2200133 i 4500
001 bg
100 1 _aOLESZCZYŃSKI, Bogdan
245 0 _aTechnologia materiałów budowlanych /
_cBogdan Oleszczyński.
260 _aLublin,
_c1975.
040 _cBPK
041 _apol
942 _cKS
008 s pl f |000 0 pol
999 _c26832
_d26832
856 _uhttp://koha.tu.koszalin.pl/cgi-bin/koha/opac-detail.pl?biblionumber=26832
_yKatalog online BPK